000 01898cam a2200337 i 4500
999 _c19517
_d19517
001 vtls001364803
003 NUKAT
005 20220208091130.0
008 090603s1998 pl a f u |000 0 pol c
020 _a8323623082
035 _axx001364803
039 9 _a201310090120
_bVLOAD
_c201310080140
_dVLOAD
_c200909150136
_dVLOAD
_c200909140844
_dumk1
040 _aTOR U/kn
_cTOR U/kn
_dTOR U/kn
_dTOR U/IFs
041 1 _apol
_heng
099 _ahh_727516
245 0 0 _aKompatybilność elektromagnetyczna (EMC) - Metody badań i pomiarów - Badanie odporności na pole magnetyczne o częstotliwości sieci elektroenergetycznej PN-EN 61000-4-8:1998P /
_cPolski Komitet Normalizacyjny.
246 3 0 _aPN-EN 61000-4-8
246 1 3 _aElectromagnetic compatibility (EMC) - Part 4: Testing and measurement techniques - Section 8: Power frequency magnetic field immunity test - Basic EMC Publication (IEC 1000-4-8:1993)
246 3 0 _aKompatybilność elektromagnetyczna (EMC) - Część 4: Metody badań i pomiarów - Arkusz 8: Badanie odporności na pole magnetyczne o częstotliwości sieci elektroenergetycznej - Publikacja podstawowa EMC (IEC 1000-4-8:1993)
246 3 0 _aBadanie odporności na pole magnetyczne o częstotliwości sieci elektroenergetycznej
260 _aWarszawa :
_bPolski Komitet Normalizacyjny,
_c1998.
300 _a[3], 27, 1, 2, [2] s. :
_bil. ;
_c30 cm.
336 _aTekst
_btxt
_2rdacontent
337 _aBez urządzenia pośredniczącego
_bn
_2rdamedia
338 _aWolumin
_bnc
_2rdacarrier
500 _aNorma Europejska EN 61000-4-8:1993 ma status Polskiej Normy.
500 _aICS 33.100.
590 _6Status: wycofana ; Zastąpiona przez PN-EN 61000-4-8:2010 wersja angielska.
710 1 _aPolska.
_bPolski Komitet Normalizacyjny.
_91107
710 1 _aPolska.
_bPolski Komitet Normalizacyjny.
_bWydział Wydawnictw Normalizacyjnych.
_4pbl
_91108
942 _2ddc
_cBK